00505nam a2200109Ia 4500008004100000050002300041100003600064245015400100260008600254300002800340521002700368140724s9999 xx 000 0 und d aT 58.6b.L791 2009 aLlanto, Bryan Angelo Tanwangco. 4aThe online team registration of Monarch's Cup Basketball Tournament of Southville International School and Colleges /cBryan Angelo Tanwangco Llanto. aLas Piñas, Philippines :bSouthville International School and Colleges,cc2009. a78 p. :bill. ;c28 cm. aInformation Technology